|
|
|
|
| LEADER |
02145nam a2200517 i 4500 |
| 001 |
EBC1925280 |
| 003 |
MiAaPQ |
| 005 |
20200520144314.0 |
| 006 |
m o d | |
| 007 |
cr cnu|||||||| |
| 008 |
140722s2014 si ob 001 0deng|d |
| 020 |
|
|
|z 9789814459570 (paperback)
|
| 020 |
|
|
|z 9789814519823
|
| 020 |
|
|
|a 9789814459594
|q (electronic bk.)
|
| 035 |
|
|
|a (MiAaPQ)EBC1925280
|
| 035 |
|
|
|a (Au-PeEL)EBL1925280
|
| 035 |
|
|
|a (CaPaEBR)ebr11308084
|
| 035 |
|
|
|a (OCoLC)904407444
|
| 040 |
|
|
|a MiAaPQ
|b eng
|e rda
|e pn
|c MiAaPQ
|d MiAaPQ
|
| 043 |
|
|
|a a-io---
|
| 050 |
|
4 |
|a HC446.5.L54
|b B67 2014
|
| 082 |
0 |
|
|a 332/.092/4
|2 23
|
| 100 |
1 |
|
|a Borsuk, Richard,
|e author.
|
| 245 |
1 |
0 |
|a Liem Sioe Liong's Salim Group :
|b the business pillar of Suharto's Indonesia /
|c Richard Borsuk, Nancy Chng.
|
| 264 |
|
1 |
|a Singapore :
|b Institute of Southeast Asian Studies,
|c 2014.
|
| 300 |
|
|
|a 1 online resource (608 pages)
|
| 336 |
|
|
|a text
|2 rdacontent
|
| 337 |
|
|
|a computer
|2 rdamedia
|
| 338 |
|
|
|a online resource
|2 rdacarrier
|
| 504 |
|
|
|a Includes bibliographical references and index.
|
| 546 |
|
|
|a In English.
|
| 588 |
|
|
|a Description based on print version record.
|
| 590 |
|
|
|a Electronic reproduction. Ann Arbor, MI : ProQuest, 2016. Available via World Wide Web. Access may be limited to ProQuest affiliated libraries.
|
| 600 |
1 |
0 |
|a Liem, Sioe Liong.
|
| 610 |
2 |
0 |
|a Salim Group (Firm)
|x History.
|
| 650 |
|
0 |
|a Businesspeople
|z Indonesia
|v Biography.
|
| 650 |
|
0 |
|a Conglomerate corporations
|z Indonesia.
|
| 650 |
|
0 |
|a Big business
|z Indonesia.
|
| 650 |
|
0 |
|a Business and politics
|z Indonesia.
|
| 650 |
|
0 |
|a Success in business
|z Indonesia.
|
| 651 |
|
0 |
|a Indonesia
|x Politics and government
|y 20th century.
|
| 655 |
|
4 |
|a Electronic books.
|
| 700 |
1 |
|
|a Chng, Nancy,
|e author.
|
| 776 |
0 |
8 |
|i Print version:
|a Borsuk, Richard.
|t Liem Sioe Liong's Salim Group : the business pillar of Suharto's Indonesia.
|d Singapore : Institute of Southeast Asian Studies, 2014
|h xiv, 573 pages ; 23 cm
|z 9789814519823
|
| 797 |
2 |
|
|a ProQuest (Firm)
|
| 856 |
4 |
0 |
|u https://ebookcentral.proquest.com/lib/matrademy/detail.action?docID=1925280
|z Click to View
|